000 00718nam a2200265 i 4500
001 C2-0265081
003 PPAK
005 20180727233144.0
008 050606s2005 my |||| ||||| | may d
020 _a9831920996
040 _aPPAK
_beng
_cPPAK
_erda
082 0 4 _a297.574
_223
090 0 0 _a297.574
_bNUR
_dG
100 0 _aNuraisyah Chua Abdullah,
_eauthor
245 1 0 _aKisah saya saudara baru
264 1 _aPahang :
_bPTS Publications ,
_c2005
300 _axv, 278 pages ;
_c21 cm
336 _2rdacontent
_atext
337 _2rdamedia
_aunmediated
338 _2rdacarrier
_avolume
490 1 _aSiri inspirasi
650 1 0 _aMuslim converts - Anecdotes.
830 0 _aSiri inspirasi
942 _ddc
_cB
999 _c74705
_d74705